Riešenie úlohy rozvozu materiálu s časovými oknami samoorganizujúcim sa migračným algoritmom

Formulácia úlohy rozvozu materiálu s časovými oknami. Samoorganizujúci sa migračný algoritmus (Self Organizing Migrating Algorithm -SOMA) - jeho podstata. Riešenie úlohy rozvozu materiálu pomocou SOMA. SOMA poskytuje nielen uspokojivé výsledky v reálnom čase, ale umožňuje bez problémov zapracovať aj...

Ausführliche Beschreibung

Gespeichert in:
Bibliographische Detailangaben
1. Verfasser: Čičková, Zuzana, 1978-
Weitere Verfasser: Brezina, Ivan, 1963-, Pekár, Juraj, 1972-
Format: Buchkapitel
Sprache:Slowakisch
Schlagworte:
Tags: Tag hinzufügen
Keine Tags, Fügen Sie das erste Tag hinzu!

MARC

LEADER 00000nla$a2200000$$$4500
001 0088113
005 20240502072004.4
041 0 |a slo 
044 |a SK 
245 1 0 |a Riešenie úlohy rozvozu materiálu s časovými oknami samoorganizujúcim sa migračným algoritmom  |c Zuzana Čičková, Ivan Brezina, Juraj Pekár 
520 |a Formulácia úlohy rozvozu materiálu s časovými oknami. Samoorganizujúci sa migračný algoritmus (Self Organizing Migrating Algorithm -SOMA) - jeho podstata. Riešenie úlohy rozvozu materiálu pomocou SOMA. SOMA poskytuje nielen uspokojivé výsledky v reálnom čase, ale umožňuje bez problémov zapracovať aj najrôznejšie dodatočné podmienky. Pri opakovaných simuláciách algoritmus vždy viedol k nájdeniu rovnakého výsledku. 
610 2 0 |a logistika 
610 2 0 |a logistika distribučná 
610 2 0 |a algoritmy 
100 1 |a Čičková, Zuzana, 1978- 
700 1 |a Brezina, Ivan, 1963- 
700 1 |a Pekár, Juraj, 1972-